Light / (Record no. 7025)

MARC details
000 -LEADER
fixed length control field 01495cam a2200397 a 4500
001 - CONTROL NUMBER
control field 7025
003 - CONTROL NUMBER IDENTIFIER
control field FISKH
005 - DATE AND TIME OF LATEST TRANSACTION
control field 20250619090725.0
008 - FIXED-LENGTH DATA ELEMENTS--GENERAL INFORMATION
fixed length control field 940308s1994 nyua j 000 0 eng
010 ## - LIBRARY OF CONGRESS CONTROL NUMBER
LC control number 94049003
020 ## - INTERNATIONAL STANDARD BOOK NUMBER
International Standard Book Number 0590483277
020 ## - INTERNATIONAL STANDARD BOOK NUMBER
International Standard Book Number 9780590483278
040 ## - CATALOGING SOURCE
Original cataloging agency DLC
Transcribing agency DLC
Modifying agency DLC
Language of cataloging eng
050 ## - LIBRARY OF CONGRESS CALL NUMBER
Classification number QC360 .L8513
082 ## - DEWEY DECIMAL CLASSIFICATION NUMBER
Classification number 535
100 ## - MAIN ENTRY--PERSONAL NAME
Personal name Jeunesse, Gallimard
245 10 - TITLE STATEMENT
Title Light /
Statement of responsibility, etc. created by Gallimard Jeunesse, Jean-Pierre Verdet, and Gilbert Houbre ; illustrated by Gilbert Houbre.
260 ## - PUBLICATION, DISTRIBUTION, ETC.
Place of publication, distribution, etc. New York :
Name of publisher, distributor, etc. Scholastic,
Date of publication, distribution, etc. 1994.
300 ## - PHYSICAL DESCRIPTION
Extent 34 unnumbered pages :
Other physical details color illustrations ;
Dimensions 19 cm
440 #2 - SERIES STATEMENT/ADDED ENTRY--TITLE
Title A first discovery book
500 ## - GENERAL NOTE
General note Translation of: La lumiere.
500 ## - GENERAL NOTE
General note "Cartwheel books."
505 ## - FORMATTED CONTENTS NOTE
Formatted contents note O<br/>
520 ## - SUMMARY, ETC.
Summary, etc. Experience the beauty natural light provides--from a colorful rainbow to the amazing aurora borealis; learn about fluorescent plants and animals that actually glow, and see the impact electric light has had on our society. See through plastic pages change the pictures.
521 8# - TARGET AUDIENCE NOTE
Target audience note 600<br/>
Source Lexile estimate<br/>
521 8# - TARGET AUDIENCE NOTE
Target audience note O<br/>
Source Raz-Plus<br/>
650 #0 - SUBJECT ADDED ENTRY--TOPICAL TERM
Topical term or geographic name entry element Light
General subdivision Juvenile literature.
650 #0 - SUBJECT ADDED ENTRY--TOPICAL TERM
Topical term or geographic name entry element Meteorological optics
General subdivision Juvenile literature.
650 #0 - SUBJECT ADDED ENTRY--TOPICAL TERM
Topical term or geographic name entry element Astrophysics
General subdivision Juvenile literature.
650 #1 - SUBJECT ADDED ENTRY--TOPICAL TERM
Topical term or geographic name entry element Light.
700 1# - ADDED ENTRY--PERSONAL NAME
Personal name Verdet, Jean-Pierre.
Relator term Author
700 1# - ADDED ENTRY--PERSONAL NAME
Personal name Houbre, Gilbert.
Dates associated with a name illustrator
906 ## - LOCAL DATA ELEMENT F, LDF (RLIN)
a 7
b cbc
c orignew
d 1
e ocip
f 19
g y-gencatlg
942 ## - ADDED ENTRY ELEMENTS (KOHA)
Source of classification or shelving scheme Dewey Decimal Classification
Koha item type Books
Suppress in OPAC No
Holdings
Withdrawn status Lost status Source of classification or shelving scheme Damaged status Not for loan Collection Home library Current library Shelving location Date acquired Total Checkouts Full call number Barcode Date last seen Copy number Price effective from Koha item type
    Dewey Decimal Classification     Non-Fiction Footprints International School Library Network Toul Kork Campus Footprints International School Library Network Toul Kork Campus TK Primary Library Room(4th Floor), Bookcase 3&4, Shelves 17-32, Yellow Books 06/19/2025   JEU 535 QC360 .L8513 FISBK02002 06/19/2025 1 06/19/2025 Books